000 01406cad a22002175a 4500
001 L156247
008 120509s2012 xxk 000 0 eng d
035 _a(Sirsi) u156247
041 0 _aeng
110 2 _aSavills
_92020
245 0 0 _aShopping centre and high street bulletin
_bQuarter 1 2012
_h[electronic resource]
260 _aLondon
_bSavills
_c2012
490 0 _aSavills Shopping Centre and High Street Bulletin
_vQ1 2012
520 _a2012 will be the turning point in this cycle of the consumer economy. Some retailers believe that there will be an Olympic boost this summer but generally trading remains tough. Only 12 shopping centres were sold in Q1 2012 totaling £461m. There remains a large number of equity buyers for shopping centre investments. The yield spread between Super Prime and Tertiary has grown. High street investment market has started quietly this year. Prime high street yields are likely to remain at their current level in the near future but secondary yields could harden.
520 _aSummary - the consumer economy - the retail occupational market - shopping centre investment - high street investment.
590 _aKA
651 4 _aUnited Kingdom
690 _aCommercial property
_96227
856 4 0 _uhttps://www.savills.co.uk/research/european-research.aspx
_zView the bulletin (under UK Retail Report) after free registration at www.savills.com
942 _n0
999 _c83975
_d83975